Le classement de la Ligue 1 2022/2023 - Statistiques

Statistiques générales
  • Ce quiz a été pris 200 fois
  • Le résultat moyen est 18 sur 20
Statistiques - réponses
Place
Pts. Club % Correct
3 73 Marseille
100%
1 85 PSG
100%
2 84 Lens
99%
5 67 Lille
98%
7 62 Lyon
97%
9 58 Nice
96%
6 65 Monaco
95%
4 68 Rennes
94%
16 36 Nantes
93%
15 40 Strasbourg
92%
13 48 Toulouse
91%
14 44 Brest
88%
20 18 Angers
87%
12 50 Montpellier
85%
10 55 Lorient
82%
8 59 Clermont
81%
11 51 Reims
80%
18 26 Ajaccio
74%
17 35 Auxerre
72%
19 24 Troyes
68%
Aucun quiz correspondant
Distribution des résultats
% des personnes avec chaque résultat
Percentile par nombre de réponses
Votre historique - résultats
Vous n’avez pas pris ce quiz